| 000 | 00431nam a2200157 a 4500 | ||
|---|---|---|---|
| 005 | 20140412111348.0 | ||
| 008 | 070828s19uu xx 00 eng d | ||
| 020 | _a0-394-94819-x | ||
| 050 |
_aER _bTo55 1981 |
||
| 245 | _aTod and Copper. | ||
| 260 |
_aU.S.A : _bWalt disney company, _c1981. |
||
| 300 | _a1 v. (unpaged) | ||
| 440 | _aDisney's wonderful world of reading | ||
| 650 |
_aDogs _xLegends and stories |
||
| 999 |
_c105259 _d105259 |
||